Easy flag geography trivia! Part #2 - Statistics

General Stats
  • This quiz has been taken 37 times
  • The average score is 30 of 35
Answer Stats
Question Tile Select % Correct
Select the flags of Africa No
100%
Select the flags of Africa No
97%
Select the flags of Africa Yes
91%
Select the flags beginning with the letter C No
91%
Select the flag of Chile No
91%
Select the flag of Panama No
91%
Select the flags of Africa Yes
88%
Select the flags beginning with the letter C No
88%
Select the flags beginning with the letter C No
88%
Select the flag of Argentina No
88%
Select the flag of Argentina No
88%
Select the flag of Chile No
88%
Select all the flags or Asia No
88%
Select all the flags or Asia Yes
88%
Select all the flags or Asia No
88%
Select the flag of Panama No
88%
Select the flag beginning with the letter K No
88%
Select the flags beginning with the letter C Yes
85%
Select the flag of Argentina Yes
85%
Select the flag of Argentina No
85%
Select the flag of Chile No
85%
Select all the flags or Asia No
85%
Select all the flags or Asia No
85%
Select all the flags or Asia No
85%
Select the flag of Chile Yes
82%
Select all the flags or Asia Yes
82%
Select all the flags or Asia Yes
82%
Select the flag beginning with the letter K No
82%
Select the flag of Panama Yes
79%
Select the flag of Panama No
79%
Select the flag beginning with the letter K No
79%
Select all the flags or Asia Yes
76%
Select the flags beginning with the letter C Yes
73%
Select the flag beginning with the letter K Yes
73%
Select the flags beginning with the letter C Yes
67%
No matching quizzes found
Score Distribution
Percent of People with Each Score
Percentile by Number Answered
Your Score History
You have not taken this quiz